000 00551aas a2200169 4500
999 _c50416
_d50416
001 768714001
003 CO-MdFUSB
005 20170825161408.0
008 170825b1990 cr ||||| |||| 00| 0 spa d
040 _aCO-MdFUSB
_bspa
_cCO-MdFUSB
_dCO-MdFUSB
041 _aspa
100 1 _aZelaya, Hugo M.
_eautor
245 1 0 _aNuestro progreso en Dios
_c/ Zelaya, Hugo M.
300 _aVolumen 2. Número 1 (1990), páginas 11-15
_c: 28 cm.
773 0 _tConquista Cristiana
_049446
_960338
_gVolumen 2. Número 1 (1990), páginas 11-15
_qPágina 11
942 _cANA